00719cam a2200205 a 45000010008000000030006000080050017000140080041000310100017000720200015000890400018001040500021001220820020001431300040001632450097002032500017003002600046003173000061003638560089004244788521GBCCL20241126110613.0870602s1987 miuaf 000 0 eng  a 87050612  a0310951682 aDLCcDLCdDLC00aBS195b.A53 198700a220.52219bBIB0 aBible.lEnglish.sAmplified.f1987.14aThe amplified Bible, containing the amplified Old Testament and the amplified New Testament. aExpanded ed. aGrand Rapids, Mich. :bZondervan,cc1987. ax, 1514, 192 p., [8] p. of plates :bcol. ill. ;c23 cm.423Publisher descriptionuhttp://www.loc.gov/catdir/enhancements/fy0633/87050612-d.html